| 000 | 03879cam a22004334a 4500 | ||
|---|---|---|---|
| 001 | 14018186 | ||
| 003 | NUST | ||
| 005 | 20211203113914.0 | ||
| 008 | 050628s2005 enka b 101 0 eng | ||
| 010 | _a 2005018242 | ||
| 020 | _a019928461X (hardback : alk. paper) | ||
| 020 | _a0199284628 (pbk. : alk. paper) | ||
| 038 | _awaseem | ||
| 040 |
_aDLC _cDLC _dDLC |
||
| 042 | _apcc | ||
| 043 | _ad------ | ||
| 050 | 0 | 0 |
_aJC599.D44 _bH82 2005 |
| 082 | 0 | 0 |
_a323.091724 _bALS |
| 245 | 0 | 0 |
_aHuman rights and development : _btowards mutual reinforcement / _cedited by Philip Alston and Mary Robinson. |
| 260 |
_aOxford ; _aNew York : _bOxford University Press, _c2005. |
||
| 300 |
_axix, 551 p. : _bill. ; _c24 cm. |
||
| 500 | _a"Prepared in collaboration with the Center for Human Rights and Global Justice, New York University School of Law." | ||
| 500 | _a"Conference held at the New York University Law School in 2004. | ||
| 504 | _aIncludes bibliographical references and index. | ||
| 505 | 0 | _aThe challenges of ensuring the mutuality of human rights and development endeavours / Philip Alston and Mary Robinson -- Some reflections on human rights and development / James D. Wolfensohn -- What rights can add to good development practice / Mary Robinson -- Democracy and the right to food / Jean Drèze -- Social rights and economics : claims to health care and education in developing countries / Varun Gauri -- The properties of gender equality / Kerry Rittich -- The development impact of gender equality in land rights / Karen O. Mason and Helene M. Carlsson -- Women's property rights violations in Kenya / Janet Walsh -- Child labor, education, and children's rights / Gordon Betcherman ... [et al.] -- Child labour, education, and the principle of non-discrimination / Elizabeth D. Gibbons, Friedrich Huebler, and Edilberto Loaiza -- Human rights and public goods : education as a fundamental right in India / Philip Alston and Nehal Bhuta -- The impact of human rights principles on justice reform in the Inter-American Development Bank / Christina Biebesheimer -- Less law and reform, more politics and enforcement : a civil society approach to integrating rights and development / Stephen Golub -- Putting human rights principles into development practice through finance : the experience of the International Finance Corporation / Peter Woicke -- Human rights and governance : the empirical challenge / Daniel Kaufmann -- Transnational corporations as instruments of human development / Olivier de Schutter -- Poverty reduction strategy papers within the human rights perspective / Frances Stewart and Michael Wang -- Human rights and poverty reduction strategies : moving towards convergence? / Gobind Nankani, John Page, and Lindsay Judge -- Human rights, poverty reduction strategies, and the role of the International Monetary Fund / Mark W. Plant -- The legal aspects of the World Bank's work on human rights : some preliminary thoughts / Roberto Dañino. | |
| 563 | _aHBK. | ||
| 650 | 0 |
_aHuman rights _zDeveloping countries _vCongresses. _985568 |
|
| 650 | 0 |
_aSocial rights _zDeveloping countries _vCongresses. _985569 |
|
| 650 | 0 |
_aEconomic development _vCongresses. _985570 |
|
| 700 | 1 |
_aAlston, Philip. _985571 |
|
| 700 | 1 |
_aRobinson, Mary, _d1944- _985572 |
|
| 710 | 2 |
_aNew York University. _bCenter for Human Rights and Global Justice. _985573 |
|
| 856 | 4 | 1 |
_3Table of contents only _uhttp://www.loc.gov/catdir/toc/ecip0515/2005018242.html |
| 856 | 4 | 2 |
_3Publisher description _uhttp://www.loc.gov/catdir/enhancements/fy0639/2005018242-d.html |
| 856 | 4 | 2 |
_3Contributor biographical information _uhttp://www.loc.gov/catdir/enhancements/fy0725/2005018242-b.html |
| 906 |
_a7 _bcbc _corignew _d1 _eecip _f20 _gy-gencatlg |
||
| 942 |
_2ddc _cBK |
||
| 999 |
_c587017 _d587017 |
||